All AFCON champions - Statistics

General Stats
  • This quiz has been taken 332 times
  • The average score is 12 of 14
Answer Stats
Hint Answer % Correct
7 Egypt
100%
1 Morocco
95%
2 Algeria
93%
3 Nigeria
91%
5 Cameroon
89%
4 Ghana
88%
1 South Africa
88%
2 Ivory Coast
87%
1 Tunisia
87%
2 DR Congo
81%
1 Congo
72%
1 Zambia
68%
1 Sudan
64%
1 Ethiopia
62%
No matching quizzes found
Score Distribution
Percent of People with Each Score
Percentile by Number Answered
Your Score History
You have not taken this quiz